Central Library OPAC University of Rajshahi

An essay concerning human understanding / (Record no. 29842)

MARC details
000 -LEADER
fixed length control field 00755nam a2200241 a 4500
001 - CONTROL NUMBER
control field 29842
003 - CONTROL NUMBER IDENTIFIER
rucl marc code BD-RjUL
005 - DATE AND TIME OF LATEST TRANSACTION
control field 20211209051453.0
008 - FIXED-LENGTH DATA ELEMENTS--GENERAL INFORMATION
fixed length control field 140407r19691924enk b 001 0 eng d
035 ## - SYSTEM CONTROL NUMBER
System control number (BD-RjUL) 29927
System control number (BD-RjUL)
040 ## - CATALOGING SOURCE
Original cataloging agency VBX
Language of cataloging eng
Transcribing agency VBX
Modifying agency XNTU
-- BD-RjUL
041 ## - LANGUAGE CODE
Language code of text/sound track or separate title eng
082 14 - DEWEY DECIMAL CLASSIFICATION NUMBER
Classification number 192
Edition number 19
Author mark and year LOE 1969
100 1# - MAIN ENTRY--PERSONAL NAME
Personal name Locke, John,
Dates associated with a name 1632-1704.
9 (RLIN) 90808
245 13 - TITLE STATEMENT
Title An essay concerning human understanding /
Statement of responsibility, etc. edited with an introduction by John W. Yolton.
260 ## - PUBLICATION, DISTRIBUTION, ETC. (IMPRINT)
Place of publication, distribution, etc. London :
Name of publisher, distributor, etc. At the Clarendon Press,
Date of publication, distribution, etc. 1924 [Reprinted 1969]
300 ## - PHYSICAL DESCRIPTION
Pagination 380 p. ;
Size 18 cm.
504 ## - BIBLIOGRAPHY, ETC. NOTE
Bibliography, etc Includes Bibliography and Index
650 #0 - SUBJECT ADDED ENTRY--TOPICAL TERM
Topical term or geographic name as entry element Knowledge, Theory of.
9 (RLIN) 90809
700 1# - ADDED ENTRY--PERSONAL NAME
Personal name Pringle-Pattison, A. S
942 ## - ADDED ENTRY ELEMENTS (KOHA)
Source of classification or shelving scheme Dewey Decimal Classification
Koha item type Books
Holdings
Lost status Source of classification or shelving scheme Damaged status Not for loan Collection code Permanent Location Current Location Shelving location Date acquired Source of acquisition Total Checkouts Full call number Date last seen Copy number Koha item type Cost, normal purchase price
  Dewey Decimal Classification   Added to bundle Non-fiction Central Library, University of Rajshahi Central Library, University of Rajshahi Reading Room 01/02/1973 Britain Gift   192 LOE 1969 07/04/2014 C-1 Books  
  Dewey Decimal Classification     Non-fiction Central Library, University of Rajshahi Central Library, University of Rajshahi   23/07/1955 O. U. P.   192 LOE 1950 07/04/2014 C-2 Books 5.40
  Dewey Decimal Classification     Non-fiction Central Library, University of Rajshahi Central Library, University of Rajshahi   22/11/1957 O.U.P.   192 LOE 1969 15/04/2014 C-3 Books 12.00